00700nam a2200169 a 450000100060000000300090000600800410001502000150005604000280007108200170009910000420011624500370015826000370019530000060023250002540023865000380049214075CO-ViMGA141112s2004 ck r 000 u spa d a8476158335 aCO-ViMGAbspacCO-ViMGA04a621.381 F4541 aFink, Donald G.; Christiansen, Donald10aManual de ingenieria electronica aMexico : bMcgraw - Hill, c1997 a5 aV.1 : Fundamentos para la ingenieria elecronica V.2 : Materiales, dispositivos, componentes y montajes. V.3 : Circuitos y funciones. V.4. Sistemas y aplicaciones electronicas : telecomunicaciones. V.5 : Equipos electronicos de medicion y control.. 14aINGENIERIA ELECTRONICA - MANUALES